• 首页
  • 本馆介绍
  • 公告通知
  • 最新文献
  • 馆藏检索
  • 电子资源
  • 读者导购
  • 参考咨询
  • 我的图书馆
  • 登录
  • 详细信息显示
  • 放入我的书架
  • 预约/预借图书
  • 作者相关作品
  • 分类相关作品
  • 丛书相关作品
  • 出版社相关作品

书目信息

  • 表格格式
  • 工作单格式
  • 卡片格式
题名:
中外高保真与组合音响维修手册
    
 
作者: 荣寿孙 , 严毅 编译
分册: 第一集  
出版信息: 北京   电子工业出版社  1991.12
页数: 233页
开本: 26cm
丛书名:
单 册:
中图分类: TN912.27 , TN912.29
科图分类: 73.4135
主题词: 音频设备--维修--手册 , 电声技术 , 语音数据处理
电子资源:
ISBN: 7-5053-1498-X
000 01110nam0 2200325 45
001 0192004936
005 20040707100253.0
010    @a7-5053-1498-X@dCNY13.50
020    @aCN@b92004936
092    @a科技256-033
100    @a19920714d1991 em y0chiy0121 ea
101 0  @achi
102    @aCN@b110000
105    @aa z 000yy
106    @ar
200 10 @a中外高保真与组合音响维修手册@Azhong wai gao bao zhen yu zu he yin xiang wei xiu shou ce@h第一集@f荣寿孙,严 毅编译@Frong shou sun yan yi bian yi
210    @a北京@c电子工业出版社@d1991.12
215    @a233页@c图@d26cm
330    @a本书收集了近年来从国外进口或由国内组装的音响产品15种,主要内容包括机芯拆卸方法、整机方框图、电原理图、配套集成电路及录放音机芯分解图等。
540 1  @a高保真 音响 维修@Agao bao zhen yin xiang wei xiu
606    @a音频设备@x维修@x手册
606 0  @a电声技术
606 0  @a语音数据处理
690    @aTN912.27@v3
690    @aTN912.29
692    @a73.4135
701  0 @a荣寿孙@Arong shou sun@4编译
701  0 @a严毅@Ayan yi@4编译
801  0 @aCN@bNLC@c19920714
905    @f1@b248798@dTN912.29@e27:1
    
    中外高保真与组合音响维修手册.第一集/荣寿孙,严 毅编译.-北京:电子工业出版社,1991.12
    233页:图;26cm
    
    
    ISBN 7-5053-1498-X:CNY13.50
    本书收集了近年来从国外进口或由国内组装的音响产品15种,主要内容包括机芯拆卸方法、整机方框图、电原理图、配套集成电路及录放音机芯分解图等。
●
相关链接 在E读中查询图书 在五车中查询图书 在当当中查询图书 在豆瓣中查询图书


正题名:中外高保真与组合音响维修手册     索取号:TN912.29/27:1         预约/预借

序号 登录号 条形码 馆藏地/架位号 状态 备注
1 0248798   001953103   第三借阅区/ [索取号:TN912.29/27:1] 在馆    
2 0248799   202451596   第二样本阅览室/ [索取号:TN912.29/27:1] 在馆    
唐山师范学院图书馆 欢迎您!
大连网信软件有限公司© 版权所有